[Event "Kemerovo Region Cup"]
[Site "Kemerovo"]
[Date "2014.08.22"]
[Round "2"]
[White "Vlassov, Nikolai"]
[Black "Bayev, Alexander"]
[Result "1-0"]
[WhiteElo "2453"]
[BlackElo "2379"]
[PlyCount "99"]
[EventDate "2014.08.21"]
[EventType "swiss"]
[EventRounds "7"]
[EventCountry "RUS"]
[SourceTitle "CBM 162 Extra"]
[Source "ChessBase"]
[SourceDate "2014.10.17"]
[SourceVersion "1"]
[SourceVersionDate "2014.10.17"]
[SourceQuality "1"]

1. e4 c5 2. c3 e6 3. d4 d5 4. e5 Nc6 5. Nf3 Nge7 6. Bd3 Nf5 7. 0-0 cxd4 8. Bxf5 exf5 9. Nxd4 Be7 10. Re1 Be6 11. Qd3 Qd7 12. Nd2 Nxd4 13. Qxd4 0-0 14. Nf3 Rfc8 15. Be3 b5 16. Qd2 a5 17. a3 Rab8 18. Bd4 b4 19. axb4 axb4 20. Ra7 Rc7 21. Rea1 bxc3 22. bxc3 h6 23. h4 Rxa7 24. Rxa7 Qd8 25. g3 Bf8 26. Ne1 Rb1 27. f4 Qb8 28. Ra2 Kh7 29. Kf2 Qb5 30. Nd3 Bc8 31. Qc2 Be7 32. Ra5 Qxa5 33. Qxb1 Qa6 34. Ke3 Qg6 35. Kf2 Ba6 36. Ne1 Qg4 37. Nf3 Qh3 38. Be3 Bc4 39. Bd4 Bd8 40. Qd1 Kg6 41. Qe1 Kh5 42. e6 g5 43. hxg5 hxg5 44. exf7 gxf4 45. Kg1 Bf1 46. Qxf1 Qxg3+ 47. Qg2 Be7 48. Qxg3 fxg3 49. Bg7 Kg4 50. Kg2 1-0

[Event "Kemerovo op"]
[Site "Kemerovo"]
[Date "2008.08.25"]
[Round "3"]
[White "Bayev, Alexander"]
[Black "Mikhalchenko, Petr"]
[Result "1/2-1/2"]
[WhiteElo "2370"]
[BlackElo "2324"]
[PlyCount "107"]
[EventDate "2008.08.23"]
[EventType "swiss"]
[EventRounds "9"]
[EventCountry "RUS"]
[SourceTitle "CBM 126 Extra"]
[Source "ChessBase"]
[SourceDate "2008.11.05"]
[SourceVersion "1"]
[SourceVersionDate "2008.11.05"]
[SourceQuality "1"]

1. e4 e5 2. Nc3 Bc5 3. g3 a6 4. Bg2 d6 5. Nge2 Nc6 6. h3 Nf6 7. 0-0 h5 8. Nd5 Ba7 9. c3 Nxd5 10. exd5 Ne7 11. d4 Bf5 12. Kh2 Qd7 13. Be3 Qb5 14. b3 Nxd5 15. dxe5 Nxe3 16. fxe3 Qxe5 17. Bxb7 h4 18. Bg2 Bg4 19. Qd3 Bxe2 20. Qxe2 hxg3+ 21. Kh1 Rd8 22. Rf3 f5 23. Qxa6 Bxe3 24. Re1 f4 25. Qa4+ Ke7 26. Qc4 d5 27. Rfxe3 fxe3 28. Qc5+ Kd7 29. Rxe3 Qd6 30. Qd4 Kc8 31. Qg4+ Qd7 32. Qxg3 Rh6 33. Re5 Rdh8 34. Kh2 Kb8 35. c4 Rh5 36. Rxd5 Rxd5 37. Bxd5 g5 38. Bf3 Qd2+ 39. Bg2 Re8 40. Qf3 Qd6+ 41. Qg3 Re2 42. Qxd6 cxd6 43. Kg3 Rxa2 44. b4 Ra4 45. Bd5 Rxb4 46. Kg4 Rb3 47. Be6 Re3 48. Bf5 Re5 49. Kxg5 Rc5 50. h4 Rxc4 51. h5 Rc1 52. h6 Rh1 53. h7 d5 54. Bg6 1/2-1/2

[Event "RUS-ch sf"]
[Site "Novosibirsk"]
[Date "1999.??.??"]
[Round "6"]
[White "Bayev, Alexander"]
[Black "Vekshenkov, Nikolai"]
[Result "1-0"]
[WhiteElo "2409"]
[BlackElo "2384"]
[PlyCount "75"]
[EventDate "1999.??.??"]
[EventType "swiss"]
[EventRounds "9"]
[EventCountry "RUS"]
[SourceTitle "EXT 2000"]
[Source "ChessBase"]
[SourceDate "1999.11.16"]
[SourceVersion "1"]
[SourceVersionDate "1999.11.16"]
[SourceQuality "1"]

1. e4 c5 2. c3 e6 3. d4 d5 4. exd5 exd5 5. Be3 c4 6. b3 cxb3 7. axb3 Bf5 8. Nf3 Nc6 9. Bb5 Bd6 10. Ne5 Nge7 11. 0-0 0-0 12. f4 Qb6 13. Qe2 f6 14. Nxc6 bxc6 15. Ba4 Rae8 16. Nd2 Ng6 17. Qf2 Qc7 18. g3 Re7 19. Rfe1 Nh8 20. b4 Nf7 21. Nb3 Bd3 22. Nc5 Bxc5 23. dxc5 Rfe8 24. Qd2 Bc4 25. Bc2 Nh6 26. Bd3 Bxd3 27. Qxd3 Qd7 28. Bf2 Qh3 29. Qf1 Qh5 30. h3 Qg6 31. Rxe7 Rxe7 32. b5 cxb5 33. Qxb5 Nf5 34. Qd3 h5 35. c6 Kh7 36. Ra5 Re4 37. Rxd5 Ne7 38. f5 1-0

[Event "RUS-ch sf"]
[Site "Novosibirsk"]
[Date "1999.??.??"]
[Round "5"]
[White "Frolov, Denis"]
[Black "Bayev, Alexander"]
[Result "0-1"]
[WhiteElo "2399"]
[BlackElo "2409"]
[PlyCount "84"]
[EventDate "1999.??.??"]
[EventType "swiss"]
[EventRounds "9"]
[EventCountry "RUS"]
[SourceTitle "EXT 2000"]
[Source "ChessBase"]
[SourceDate "1999.11.16"]
[SourceVersion "1"]
[SourceVersionDate "1999.11.16"]
[SourceQuality "1"]

1. e4 c6 2. d4 d5 3. Nc3 dxe4 4. Nxe4 Nf6 5. Nxf6+ gxf6 6. c3 Bf5 7. Nf3 e6 8. Bd3 Bg6 9. h4 Qa5 10. Be3 Nd7 11. Bxg6 hxg6 12. Qb3 Nb6 13. Nd2 0-0-0 14. 0-0-0 Rd5 15. c4 Rdh5 16. g3 g5 17. Nf3 Qf5 18. Nh2 Qa5 19. Nf3 Qa6 20. c5 Nd5 21. Rhe1 gxh4 22. Nxh4 Nxe3 23. fxe3 Rg8 24. e4 Rhg5 25. Rd3 Qa5 26. Re2 Qc7 27. Nf3 Rxg3 28. e5 f5 29. Qa4 a6 30. Rf2 Qd7 31. d5 exd5 32. b4 Qc7 33. Qc2 Kb8 34. Re2 R3g4 35. Nd4 Re4 36. Nxf5 Qxe5 37. Rxe4 dxe4 38. Rd8+ Kc7 39. Qd2 Qa1+ 40. Kc2 Qxa2+ 41. Kc3 Bg7+ 42. Nxg7 Qa1+ 0-1

[Event "Moscow IM3"]
[Site "Moscow"]
[Date "1996.??.??"]
[Round "?"]
[White "Moizhess, Igor"]
[Black "Bayev, Alexander"]
[Result "0-1"]
[WhiteElo "2445"]
[BlackElo "2335"]
[PlyCount "110"]
[EventDate "1996.??.??"]
[EventType "tourn"]
[EventRounds "9"]
[EventCountry "RUS"]
[EventCategory "4"]
[SourceTitle "EXT 2000"]
[Source "ChessBase"]
[SourceDate "1999.11.16"]
[SourceVersion "1"]
[SourceVersionDate "1999.11.16"]
[SourceQuality "1"]

1. Nf3 d5 2. e3 Nf6 3. c4 c6 4. Nc3 g6 5. Be2 Bg7 6. 0-0 0-0 7. b3 a6 8. Bb2 b5 9. Qc2 Nbd7 10. cxd5 cxd5 11. b4 Nb6 12. a4 bxa4 13. Nxa4 Nxa4 14. Rxa4 Bd7 15. Ra5 Qb6 16. Bc3 Bb5 17. Bd4 Qb7 18. Bxb5 axb5 19. Rfa1 Ne4 20. h3 Rxa5 21. bxa5 Ra8 22. d3 Nd6 23. Qa2 Ra6 24. Bxg7 Kxg7 25. Qb2+ Kg8 26. Qb4 h5 27. Nd4 e5 28. Nb3 Rc6 29. d4 e4 30. Nc5 Qb8 31. a6 Rc7 32. Ra5 Ra7 33. g3 Kg7 34. Qb3 Qb6 35. Ra1 Qc6 36. Rb1 Kh7 37. Qc3 Rxa6 38. Rc1 Ra8 39. Nxe4 Qxc3 40. Nxc3 Rc8 41. Ne2 Rxc1+ 42. Nxc1 b4 43. h4 f6 44. Kf1 g5 45. Ke2 Nf5 46. Nd3 b3 47. Kd2 gxh4 48. gxh4 Nxh4 49. Nf4 Nf3+ 50. Kc3 h4 51. Kxb3 Kh6 52. Kb4 Ng5 53. Kc5 Ne6+ 54. Nxe6 h3 55. Kxd5 h2 0-1